00496nam a2200193 a 4500001001300000003000900013005001700022008004100039020000900080082001900089100002200108245003800130260004000168300001000208500003500218505001000253650001700263700002200280nice12345678IN_TiNIC20260116012427.0050524s1998 hyda grp 000 0 urd  ac3000a297.1226bAHM1 aAhmad, Hasanuddin aAhsanul Bayan Fi Uloom Ul Qur`an. aHyderabadbHussami Book Depotc1998 a316p. aincludes index and biblioraphy2 aIndex aQuran-Origin1 aAhmad, Hasanuddin